Statistiken für Länder mit der geringsten Bevölkerungsdichte

Klicken Sie hier um das Quiz zu spielen!

Allgemein

  • Dieses Quiz wurde 116 mal gespielt
  • Das Durchschnittsergebnis liegt bei 10 aus 14

Antwortstatistiken

Einwohner pro km²KontinentLand% Korrekt
3,89NordamerikaKanada
91%
2,17AsienMongolei
89%
3,33OzeanienAustralien
88%
8,44EuropaRussland
86%
3,15AfrikaNamibia
77%
7,05AsienKasachstan
76%
4,56AfrikaMauretanien
76%
3,72SüdamerikaGuyana
75%
3,66SüdamerikaSuriname
74%
3,86AfrikaLibyen
73%
3,88EuropaIsland
69%
4,47AfrikaBotswana
60%
8,97AfrikaGabun
40%
8,99AfrikaZentral­afrikanische Republik
38%

Verteilung der Resultate

Perzentil nach korrekt beantworteten Fragen

Anzahl Personen mit jedem Resultat

Ihre Resultats-Entwicklung

Sie haben dieses Quiz noch nicht gespielt